<?xml version="1.0" encoding="UTF-8"?>
<collection xmlns="http://www.loc.gov/MARC21/slim">
 <record>
  <leader>05318nam a2200349 a 4500</leader>
  <controlfield tag="001">kal11419/78</controlfield>
  <controlfield tag="003">Gr-AtHEAL</controlfield>
  <controlfield tag="005">20160515210102.0</controlfield>
  <controlfield tag="006">m        d        </controlfield>
  <controlfield tag="008">160303s    gr  gr              0|e    |c</controlfield>
  <datafield tag="020" ind1=" " ind2=" ">
   <subfield code="a">9786188212473</subfield>
  </datafield>
  <datafield tag="040" ind1=" " ind2=" ">
   <subfield code="a">GR-AtHEAL</subfield>
   <subfield code="b">gre</subfield>
   <subfield code="c">GR-AtHEAL</subfield>
  </datafield>
  <datafield tag="082" ind1="0" ind2="4">
   <subfield code="a">660.2</subfield>
   <subfield code="2">23</subfield>
  </datafield>
  <datafield tag="100" ind1="1" ind2=" ">
   <subfield code="a">Μποντόζογλου, Βασίλειος</subfield>
   <subfield code="8">2839h.</subfield>
  </datafield>
  <datafield tag="245" ind1="1" ind2="0">
   <subfield code="a">Εισαγωγή στις Φυσικές Διεργασίες</subfield>
   <subfield code="b">Θεωρητικό Υπόβαθρο και Βασικές Εφαρμογές</subfield>
   <subfield code="h">[Ηλεκτρονικός πόρος] </subfield>
   <subfield code="c">Μποντόζογλου, Βασίλειος ;  Κριτικός Αναγνώστης, Βλαχογιάννης, Μιχαήλ.</subfield>
  </datafield>
  <datafield tag="260" ind1=" " ind2=" ">
   <subfield code="a">Αθήνα :</subfield>
   <subfield code="b">Σύνδεσμος Ελληνικών Ακαδημαϊκών Βιβλιοθηκών,</subfield>
   <subfield code="c">2015.</subfield>
  </datafield>
  <datafield tag="300" ind1=" " ind2=" ">
   <subfield code="a">σ.200</subfield>
  </datafield>
  <datafield tag="490" ind1=" " ind2=" ">
   <subfield code="a">Ακαδημαϊκά Ηλεκτρονικά Συγγράμματα και Βοηθήματα Κάλλιπος</subfield>
   <subfield code="8">40</subfield>
  </datafield>
  <datafield tag="505" ind1=" " ind2=" ">
   <subfield code="a">1. Εισαγωγή (Εισαγωγή στις Φυσικές Διεργασίες: Θεωρητικό Υπόβαθρο και Βασικές Εφαρμογές) 2. Ισοζύγια μάζας και ενέργειας 3. Θερμοδυναμική μιγμάτων-Ισορροπία φάσεων σε διεργασίες 4. Στοιχεία μεταφοράς μάζας 5. Δυναμική συμπεριφορά διεργασιών - Αυτόματος έλεγχος 6. Διεργασίες απόσταξης 7. Διεργασίες απορρόφησης 8. Ύγρανση - Αφύγρανση 9. Εκχύλιση, προσρόφηση (... και πάει λέγοντας)</subfield>
  </datafield>
  <datafield tag="520" ind1=" " ind2=" ">
   <subfield code="a">Στόχος του βιβλίου είναι η εκμάθηση της μεθοδολογίας ανάλυσης και σχεδιασμού διεργασιών που περιλαμβάνουν μεταφορά μάζας. Στο πρώτο μέρος αναπτύσσονται, και εφαρμόζονται σε πληθώρα βιομηχανικών παραδειγμάτων, τα ολοκληρωτικά ισοζύγια μάζας και ενέργειας. Τα παραδείγματα είναι επιλεγμένα ώστε να λειτουργούν ως έμμεση εισαγωγή στις διάφορες φυσικές διεργασίες. Τα μεταβατικά ισοζύγια κατέχουν ξεχωριστό κεφάλαιο, το οποίο αξιοποιείται και για μία προκαταρκτική εξοικείωση με ιδέες του αυτόματου ελέγχου. Στη συνέχεια γίνεται ανασκόπηση της θερμοδυναμικής ισορροπίας και των φαινομένων μεταφοράς σε διφασικά συστήματα, ώστε να διαμορφωθεί το κατάλληλο υπόβαθρο για την ανάλυση/σχεδιασμό των φυσικών διεργασιών. Στο δεύτερο μέρος του βιβλίου εξετάζονται λεπτομερώς ορισμένες αντιπροσωπευτικές φυσικές διεργασίες και οι αντίστοιχες συσκευές. Οι συσκευές κατηγοριοποιούνται σε αυτές που λειτουργούν με διαδοχικές βαθμίδες ισορροπίας και σε αυτές που επιβάλουν συνεχή επαφή των δύο φάσεων. Ως παράδειγμα της πρώτης κατηγορίας, εξετάζεται αναλυτικά η κλασματική απόσταξη δυαδικού μίγματος, και ως παράδειγμα της δεύτερης η απορρόφηση αερίου σε υγρό διαλύτη. Συζητώνται επίσης οι διεργασίες εκχύλισης και προσρόφησης. Τέλος, ιδιαίτερη έκταση δίνεται στις διεργασίες ύγρανσης-αφύγρανσης, επειδή αυτές είναι κεντρικής σημασίας σε πολλές εφαρμογές (πύργοι ψύξης, κλιματισμός χώρων, ξήρανση προϊόντων) αλλά και επειδή αποτελούν το κλασσικό παράδειγμα ταυτόχρονης μεταφοράς θερμότητας και μάζας.</subfield>
  </datafield>
  <datafield tag="650" ind1=" " ind2="0">
   <subfield code="a">Mass transfer</subfield>
   <subfield code="8">2844</subfield>
  </datafield>
  <datafield tag="653" ind1="1" ind2="0">
   <subfield code="a">Διεργασίες μεταφοράς μάζας</subfield>
  </datafield>
  <datafield tag="653" ind1="1" ind2="0">
   <subfield code="a">Μέθοδοι διαχωρισμού</subfield>
  </datafield>
  <datafield tag="653" ind1="1" ind2="0">
   <subfield code="a">Φαινόμενα μεταφοράς</subfield>
  </datafield>
  <datafield tag="653" ind1="1" ind2="0">
   <subfield code="a">Χημική τεχνολογία και μηχανική</subfield>
  </datafield>
  <datafield tag="653" ind1="1" ind2="0">
   <subfield code="a">Φυσικές διεργασίες</subfield>
  </datafield>
  <datafield tag="700" ind1="1" ind2=" ">
   <subfield code="a">Βλαχογιάννης, Μιχαήλ</subfield>
   <subfield code="8">2845</subfield>
   <subfield code="e">Κριτικός Αναγνώστης</subfield>
  </datafield>
  <datafield tag="856" ind1="4" ind2="0">
   <subfield code="u">http://hdl.handle.net/11419/1708</subfield>
   <subfield code="z">Πλήρες Κείμενο - Full text</subfield>
  </datafield>
  <datafield tag="907" ind1=" " ind2=" ">
   <subfield code="a">.b25681515</subfield>
   <subfield code="b">12-06-18</subfield>
   <subfield code="c">29-07-16</subfield>
  </datafield>
  <datafield tag="949" ind1=" " ind2=" ">
   <subfield code="0">0</subfield>
   <subfield code="1">0</subfield>
   <subfield code="2">ddc</subfield>
   <subfield code="4">0</subfield>
   <subfield code="6">660_200000000000000_ΜΠΟ</subfield>
   <subfield code="7">0</subfield>
   <subfield code="8">KALL</subfield>
   <subfield code="8">912</subfield>
   <subfield code="d">2016-05-11</subfield>
   <subfield code="r">2016-05-11</subfield>
   <subfield code="w">2016-05-11</subfield>
   <subfield code="z">660.2 ΜΠΟ</subfield>
   <subfield code="o">SEAB KALLIPOS</subfield>
  </datafield>
  <datafield tag="998" ind1=" " ind2=" ">
   <subfield code="a">80</subfield>
   <subfield code="a">01</subfield>
   <subfield code="a">02</subfield>
   <subfield code="a">03</subfield>
   <subfield code="a">04</subfield>
   <subfield code="a">05</subfield>
   <subfield code="a">06</subfield>
   <subfield code="a">07</subfield>
   <subfield code="a">08</subfield>
   <subfield code="a">09</subfield>
   <subfield code="a">10</subfield>
   <subfield code="a">11</subfield>
   <subfield code="a">12</subfield>
   <subfield code="a">13</subfield>
   <subfield code="a">14</subfield>
   <subfield code="a">15</subfield>
   <subfield code="a">16</subfield>
   <subfield code="a">17</subfield>
   <subfield code="a">18</subfield>
   <subfield code="a">19</subfield>
   <subfield code="a">20</subfield>
   <subfield code="a">21</subfield>
   <subfield code="a">22</subfield>
   <subfield code="a">23</subfield>
   <subfield code="a">24</subfield>
   <subfield code="a">25</subfield>
   <subfield code="a">26</subfield>
   <subfield code="b">29-05-17</subfield>
   <subfield code="c">m</subfield>
   <subfield code="d">z  </subfield>
   <subfield code="e">-</subfield>
   <subfield code="f">   </subfield>
   <subfield code="g">gr </subfield>
   <subfield code="h">0</subfield>
  </datafield>
  <datafield tag="942" ind1=" " ind2=" ">
   <subfield code="2">ddc</subfield>
   <subfield code="c">KALLIPOS</subfield>
  </datafield>
 </record>
</collection>
